000 00506cam a22001932a 4500
001 016502
003 AR-FADEU
008 311216n2002####xxu####################dd
020 _a987-02-0031-1
092 _a341.026 4
_bB621
100 _aBiscardi, Mario R.
245 _aBases para la formulación del derecho comunitario en el ámbito del mercosur
260 _aBuenos Aires
260 _bDunken
260 _c2002
300 _a73 p
650 _aDERECHO COMUNITARIO; MERCOSUR
942 _cBDGR
999 _c22254
_d22254